[Event "AUT-chT 9697"]
[Site "Austria"]
[Date "1997.??.??"]
[Round "9"]
[White "Schweda, Roland"]
[Black "Pils, Walter"]
[Result "1/2-1/2"]
[WhiteElo "2365"]
[BlackElo "2345"]
[PlyCount "54"]
[EventDate "1996.??.??"]
[EventType "team-tourn"]
[EventRounds "11"]
[EventCountry "AUT"]
[SourceTitle "CBM 057 Extra"]
[Source "ChessBase"]
[SourceDate "1997.05.01"]
[SourceVersion "1"]
[SourceVersionDate "1997.05.01"]
[SourceQuality "1"]

1. d4 Nf6 2. c4 e6 3. Nc3 d5 4. cxd5 exd5 5. Bg5 c6 6. e3 Nbd7 7. Bd3 Bd6 8. Nf3 0-0 9. Qc2 Qa5 10. 0-0 Re8 11. Rfc1 h6 12. Bh4 Qd8 13. Rab1 a5 14. a3 Qe7 15. Re1 g5 16. Bg3 Bxg3 17. hxg3 Ne4 18. Bxe4 dxe4 19. Nd2 Nf6 20. b4 Bf5 21. Nc4 axb4 22. axb4 Qe6 23. Nd2 Nd5 24. Nxd5 cxd5 25. Qb3 Rec8 26. Rbc1 b6 27. Nb1 Qd7 1/2-1/2

[Event "AUT-chT 9596"]
[Site "Austria"]
[Date "1996.??.??"]
[Round "?"]
[White "Pilaj, Herwig"]
[Black "Pils, Walter"]
[Result "1/2-1/2"]
[WhiteElo "2155"]
[BlackElo "2345"]
[PlyCount "29"]
[EventDate "1995.??.??"]
[EventType "team-tourn"]
[EventRounds "11"]
[EventCountry "AUT"]
[SourceTitle "CBM 052 Extra"]
[Source "ChessBase"]
[SourceDate "1996.07.01"]
[SourceVersion "1"]
[SourceVersionDate "1996.07.01"]
[SourceQuality "1"]

1. e4 c5 2. Nf3 d6 3. c3 Nf6 4. Be2 Bd7 5. d3 Nc6 6. Na3 g6 7. h3 Bg7 8. 0-0 0-0 9. Re1 Qb8 10. Bf1 e5 11. Nc4 b5 12. Ne3 Re8 13. Bd2 h6 14. Nh2 Be6 15. Nhg4 1/2-1/2

[Event "AUT-chT2S 9596"]
[Site "Austria"]
[Date "1995.??.??"]
[Round "?"]
[White "Beck, Hartmuth"]
[Black "Pils, Walter"]
[Result "1/2-1/2"]
[WhiteElo "2300"]
[BlackElo "2345"]
[PlyCount "23"]
[EventDate "1995.??.??"]
[EventType "team-tourn"]
[EventRounds "11"]
[EventCountry "AUT"]
[SourceTitle "EXT 1999"]
[Source "ChessBase"]
[SourceDate "1998.11.16"]
[SourceVersion "1"]
[SourceVersionDate "1998.11.16"]
[SourceQuality "1"]

1. d4 Nf6 2. c4 e6 3. Nc3 Bb4 4. Qc2 c5 5. dxc5 0-0 6. Nf3 Bxc5 7. Bg5 Be7 8. e3 d6 9. Be2 a6 10. 0-0 Nbd7 11. Rfd1 Qc7 12. Rac1 1/2-1/2

[Event "AUT-chT 9495"]
[Site "Austria"]
[Date "1995.??.??"]
[Round "?"]
[White "Enigl, Karl"]
[Black "Pils, Walter"]
[Result "1/2-1/2"]
[WhiteElo "2205"]
[BlackElo "2355"]
[PlyCount "79"]
[EventDate "1994.??.??"]
[EventType "team-tourn"]
[EventRounds "11"]
[EventCountry "AUT"]
[SourceTitle "CBM 045 Extra"]
[Source "ChessBase"]
[SourceDate "1995.05.01"]
[SourceVersion "1"]
[SourceVersionDate "1995.05.01"]
[SourceQuality "1"]

1. c4 e5 2. Nc3 Bb4 3. Qc2 Nc6 4. e3 Nf6 5. Nf3 Bxc3 6. Qxc3 Qe7 7. a3 a5 8. b3 d6 9. Bb2 0-0 10. d4 Ne4 11. Qc2 exd4 12. Nxd4 f5 13. Nxc6 bxc6 14. Bd3 Rb8 15. Rb1 Bd7 16. 0-0 Nc5 17. Bc3 Ra8 18. Rfe1 Qg5 19. f4 Qg6 20. b4 axb4 21. axb4 Nxd3 22. Qxd3 Be6 23. Ra1 Qf7 24. Rxa8 Rxa8 25. c5 Bd5 26. Ra1 Rxa1+ 27. Bxa1 Qg6 28. Qd2 Be4 29. Bc3 Kf7 30. h3 Ke6 31. Kh2 Bd5 32. Qf2 Be4 33. Qg3 Qxg3+ 34. Kxg3 g6 35. Bg7 Kd5 36. Bf8 Ke6 37. Bg7 Kd7 38. Kf2 Kc8 39. g3 Kb7 40. Bf8 1/2-1/2

[Event "AUT-chT"]
[Site "Austria"]
[Date "1994.??.??"]
[Round "?"]
[White "Hinteregger, Arthur"]
[Black "Pils, Walter"]
[Result "1/2-1/2"]
[WhiteElo "2180"]
[BlackElo "2360"]
[PlyCount "107"]
[EventDate "1994.??.??"]
[EventType "team-tourn"]
[EventRounds "11"]
[EventCountry "AUT"]
[SourceTitle "TD"]
[Source "ChessBase"]
[SourceDate "1994.03.01"]
[SourceVersion "1"]
[SourceVersionDate "1994.03.01"]
[SourceQuality "1"]

1. f4 g6 2. Nf3 Bg7 3. d4 Nf6 4. e3 d6 5. Bd3 c5 6. c3 Nc6 7. 0-0 0-0 8. Bc2 cxd4 9. exd4 e6 10. b3 b5 11. a4 b4 12. c4 Qb6 13. Bb2 Bb7 14. Kh1 Rad8 15. Qd2 a5 16. Qf2 Ng4 17. Qg1 Ne7 18. Nbd2 Qc7 19. h3 Nf6 20. Qe3 Nf5 21. Bxf5 exf5 22. Qf2 Ne4 23. Nxe4 Bxe4 24. Ng5 Rfe8 25. d5 Bxb2 26. Qxb2 h6 27. Nf3 Bxf3 28. Rxf3 Re4 29. Qf6 Rde8 30. Raf1 Qe7 31. Qxe7 R8xe7 32. Kg1 Rd4 33. Rc1 Kf8 34. Kf1 Rd2 35. Rf2 Rd3 36. Rf3 Rd4 37. Re1 Ree4 38. g3 Ke7 39. Rfe3 Kd7 40. Kf2 Kc7 41. Kf3 Rd3 42. R1e2 Rexe3+ 43. Rxe3 Rd2 44. Re7+ Kd8 45. Rxf7 Rd3+ 46. Kf2 Rxb3 47. Ra7 Rc3 48. Rxa5 Ra3 49. Ra6 Kc7 50. a5 b3 51. Rc6+ Kb7 52. Rb6+ Kc7 53. Rc6+ Kb7 54. Rb6+ 1/2-1/2

[Event "AUT-chT"]
[Site "Austria"]
[Date "1994.??.??"]
[Round "?"]
[White "Pils, Walter"]
[Black "Nagel, Herbert"]
[Result "1/2-1/2"]
[WhiteElo "2360"]
[BlackElo "2270"]
[PlyCount "59"]
[EventDate "1994.??.??"]
[EventType "team-tourn"]
[EventRounds "11"]
[EventCountry "AUT"]
[SourceTitle "TD"]
[Source "ChessBase"]
[SourceDate "1994.03.01"]
[SourceVersion "1"]
[SourceVersionDate "1994.03.01"]
[SourceQuality "1"]

1. e4 c5 2. Nf3 d6 3. c3 Nf6 4. h3 Nbd7 5. Bd3 g6 6. 0-0 Bg7 7. Bc2 0-0 8. d4 Qc7 9. Re1 cxd4 10. cxd4 b5 11. Be3 Bb7 12. Nbd2 Rfc8 13. Bd3 a6 14. a4 bxa4 15. Rxa4 d5 16. e5 Ne8 17. Ng5 Nf8 18. h4 f6 19. exf6 exf6 20. Nh3 Ne6 21. h5 f5 22. hxg6 hxg6 23. Nf3 Nd6 24. Bf4 Re8 25. Ne5 Nc4 26. Bxc4 dxc4 27. Rxc4 Qd6 28. b3 Rad8 29. Qa1 Nxd4 30. Qa5 1/2-1/2

[Event "AUT-chT"]
[Site "Austria"]
[Date "1992.??.??"]
[Round "?"]
[White "Lockl, Lothar"]
[Black "Pils, Walter"]
[Result "1/2-1/2"]
[WhiteElo "2260"]
[BlackElo "2360"]
[PlyCount "99"]
[EventDate "1992.??.??"]
[EventType "team-tourn"]
[EventRounds "11"]
[EventCountry "AUT"]
[SourceTitle "EXT 1997"]
[Source "ChessBase"]
[SourceDate "1996.11.15"]
[SourceVersion "1"]
[SourceVersionDate "1996.11.15"]
[SourceQuality "1"]

1. e4 c5 2. c3 d5 3. exd5 Qxd5 4. d4 e6 5. Nf3 Nf6 6. Na3 Qd8 7. Bf4 Nd5 8. Bg3 cxd4 9. Nxd4 a6 10. Nc4 Be7 11. Bd3 0-0 12. 0-0 Nd7 13. Re1 N7f6 14. Qe2 g6 15. Rad1 Nh5 16. Be4 Nxg3 17. hxg3 Bc5 18. Nb3 Ba7 19. Ne5 Qg5 20. Bxd5 exd5 21. Nd4 Qf6 22. Qd2 Re8 23. Qf4 Qxf4 24. gxf4 f6 25. Nd3 Bg4 26. f3 Be6 27. Kf1 Bf7 28. Nb4 Kf8 29. f5 Re5 30. Ne6+ Bxe6 31. fxe6 Re8 32. Nxd5 R8xe6 33. Rxe5 fxe5 34. Re1 Kf7 35. Re4 Bc5 36. Ke2 Bd6 37. Rc4 Re8 38. Ne3 Ke6 39. Ng4 h5 40. Nf2 Kd5 41. Re4 b5 42. Nd3 Rc8 43. Kd2 g5 44. b3 g4 45. Nb4+ Bxb4 46. Rxb4 gxf3 47. gxf3 Rf8 48. Ke3 Rc8 49. Kd3 Rf8 50. Ke3 1/2-1/2

[Event "AUT-chT"]
[Site "Austria"]
[Date "1992.??.??"]
[Round "?"]
[White "Pils, Walter"]
[Black "Theuretzbacher, Klaus"]
[Result "1-0"]
[WhiteElo "2360"]
[BlackElo "2210"]
[PlyCount "181"]
[EventDate "1992.??.??"]
[EventType "team-tourn"]
[EventRounds "11"]
[EventCountry "AUT"]
[SourceTitle "EXT 1997"]
[Source "ChessBase"]
[SourceDate "1996.11.15"]
[SourceVersion "1"]
[SourceVersionDate "1996.11.15"]
[SourceQuality "1"]

1. Nf3 Nf6 2. g3 b6 3. Bg2 Bb7 4. d4 e6 5. 0-0 Be7 6. c4 0-0 7. Nc3 Ne4 8. Qd3 Nxc3 9. Qxc3 d6 10. Qd3 f5 11. Ne1 Bxg2 12. Nxg2 Nd7 13. Nf4 Rf6 14. e4 g6 15. exf5 gxf5 16. Qf3 Nf8 17. Re1 Rc8 18. Nh5 Rf7 19. Bh6 Qd7 20. Bxf8 Bxf8 21. Re2 Bg7 22. Nxg7 Rxg7 23. Rae1 Rg6 24. Qg2 a5 25. f4 Re8 26. Qf3 Qg7 27. Qd3 h5 28. Kg2 h4 29. Re3 Qh6 30. Rf3 Re7 31. d5 Rh7 32. Rxe6 Rxe6 33. dxe6 Qxe6 34. Re3 Qf7 35. Qd5 Kf8 36. Qa8+ Kg7 37. Qd8 Rh8 38. Qe7 h3+ 39. Kf3 Rh6 40. Qxf7+ Kxf7 41. g4 Rh4 42. gxf5 Kf6 43. Re8 Kxf5 44. Rf8+ Ke6 45. Rg8 Kf6 46. b3 Kf5 47. Rf8+ Ke6 48. Rg8 Kf5 49. Rg5+ Kf6 50. a4 Rh8 51. Ke4 Re8+ 52. Kd3 Rh8 53. Kd4 Rh4 54. Ke4 Rh7 55. Kf3 Rh8 56. Kg4 Re8 57. Rh5 Rg8+ 58. Kf3 Rg2 59. Rxh3 Rb2 60. Ke4 c6 61. Rd3 Ke7 62. h3 Re2+ 63. Kf5 Rc2 64. Rg3 Kf7 65. h4 b5 66. cxb5 cxb5 67. Kg5 bxa4 68. bxa4 Rc4 69. Ra3 d5 70. Ra1 d4 71. h5 d3 72. Rd1 Rd4 73. Kf5 Kg7 74. Ke5 Rxa4 75. Rxd3 Ra1 76. Rg3+ Kh6 77. f5 Re1+ 78. Kd6 Rf1 79. Ke6 Re1+ 80. Kf7 a4 81. f6 Rf1 82. Ke7 Re1+ 83. Kf8 Kh7 84. Rg7+ Kh8 85. Re7 Rf1 86. f7 a3 87. Ra7 Rf3 88. Ke7 Re3+ 89. Kf6 Rf3+ 90. Kg6 a2 91. Ra8# 1-0

[Event "AUT-chT"]
[Site "Austria"]
[Date "1992.??.??"]
[Round "?"]
[White "Stanec, Nikolaus"]
[Black "Pils, Walter"]
[Result "1/2-1/2"]
[WhiteElo "2345"]
[BlackElo "2360"]
[PlyCount "66"]
[EventDate "1992.??.??"]
[EventType "team-tourn"]
[EventRounds "11"]
[EventCountry "AUT"]
[SourceTitle "EXT 1997"]
[Source "ChessBase"]
[SourceDate "1996.11.15"]
[SourceVersion "1"]
[SourceVersionDate "1996.11.15"]
[SourceQuality "1"]

1. e4 c5 2. Nf3 Nc6 3. d4 cxd4 4. Nxd4 e5 5. Nb5 d6 6. c4 Be7 7. N1c3 a6 8. Na3 h6 9. Be2 Bg5 10. Bxg5 hxg5 11. Nc2 Be6 12. Qd2 Qe7 13. 0-0-0 Rd8 14. Kb1 Kf8 15. Rc1 Qf6 16. Qe3 Nd4 17. Nd5 Bxd5 18. cxd5 g6 19. h3 Nxe2 20. Qxe2 Kg7 21. Ne3 Rd7 22. Rc8 Qe7 23. Ng4 Rd8 24. Rc3 Rd7 25. Rhc1 Nf6 26. Nxf6 Kxf6 27. Rg3 Kg7 28. Qg4 Rh4 29. Qe2 Rf4 30. Re3 f5 31. f3 fxe4 32. fxe4 Qf6 33. a3 Rf7 1/2-1/2

[Event "AUT-chT"]
[Site "Austria"]
[Date "1991.??.??"]
[Round "?"]
[White "Schueller, Ernst"]
[Black "Pils, Walter"]
[Result "1/2-1/2"]
[WhiteElo "2235"]
[BlackElo "2355"]
[PlyCount "120"]
[EventDate "1991.??.??"]
[EventType "team-tourn"]
[EventRounds "13"]
[EventCountry "AUT"]
[SourceTitle "EXT 1997"]
[Source "ChessBase"]
[SourceDate "1996.11.15"]
[SourceVersion "1"]
[SourceVersionDate "1996.11.15"]
[SourceQuality "1"]

1. e4 c5 2. Nf3 Nc6 3. Bb5 d6 4. 0-0 Bd7 5. Re1 Nf6 6. Bxc6 Bxc6 7. e5 dxe5 8. Nxe5 Rc8 9. d3 e6 10. Nc3 Be7 11. a4 0-0 12. Nb5 Qb6 13. c4 Be8 14. Bf4 a6 15. a5 Qd8 16. Nc3 Nd7 17. Nf3 Nb8 18. Qe2 Nc6 19. Ra3 Nd4 20. Qd1 f6 21. Ra1 e5 22. Nxd4 cxd4 23. Nd5 Bd6 24. Bd2 Bf7 25. Nb6 Rc6 26. b4 f5 27. Rb1 Bc7 28. b5 Rg6 29. bxa6 bxa6 30. Qf3 Bxb6 31. axb6 Rxb6 32. Rxb6 Qxb6 33. Rxe5 Qb1+ 34. Re1 Qc2 35. Bb4 Rb8 36. h3 h6 37. Bd6 Rb1 38. Rxb1 Qxb1+ 39. Kh2 f4 40. Bxf4 Qb6 41. Be5 Qe6 42. Qf4 Bg6 43. Qxd4 Bxd3 44. c5 Qg6 45. f3 Bf1 46. Qf2 Bb5 47. Qb2 h5 48. Qd2 Kh7 49. Bc3 Kg8 50. h4 Kh7 51. Kg1 Kg8 52. Qd8+ Kh7 53. Qb8 Qb1+ 54. Kh2 Qg6 55. Be5 Bf1 56. Qb2 Bb5 57. Qa1 Kg8 58. c6 Bxc6 59. Qxa6 Kh7 60. Qc8 Bd5 1/2-1/2

[Event "AUT-chT"]
[Site "Austria"]
[Date "1991.??.??"]
[Round "?"]
[White "Titz, Heimo"]
[Black "Pils, Walter"]
[Result "0-1"]
[WhiteElo "2245"]
[BlackElo "2355"]
[PlyCount "116"]
[EventDate "1991.??.??"]
[EventType "team-tourn"]
[EventRounds "13"]
[EventCountry "AUT"]
[SourceTitle "EXT 1997"]
[Source "ChessBase"]
[SourceDate "1996.11.15"]
[SourceVersion "1"]
[SourceVersionDate "1996.11.15"]
[SourceQuality "1"]

1. c4 Nf6 2. g3 e5 3. Bg2 Nc6 4. Nc3 Bb4 5. Nf3 0-0 6. 0-0 Bxc3 7. bxc3 Re8 8. d3 e4 9. Ng5 exd3 10. exd3 d6 11. Ne4 Bf5 12. Bg5 Bxe4 13. Bxe4 h6 14. Bxf6 Qxf6 15. Rb1 Qxc3 16. Rxb7 Nd4 17. Rxc7 Qa5 18. Rd7 Rad8 19. Rxd8 Rxd8 20. Qa1 Qe5 21. Kg2 Re8 22. f4 Qc5 23. Rf2 f5 24. Bd5+ Kh7 25. Qb2 Rc8 26. h4 h5 27. Re2 Nxe2 28. Qxe2 g6 29. Qe7+ Kh6 30. Bf7 Qc6+ 31. Kh2 d5 32. Bxd5 Qc5 33. Qxc5 Rxc5 34. a4 Kg7 35. Kg2 Kf6 36. Kf3 Ke7 37. Ke3 Ra5 38. Bc6 Kd6 39. Be8 Kc5 40. Bxg6 Rxa4 41. Bxh5 Ra1 42. Bg6 a5 43. Bxf5 a4 44. d4+ Kb4 45. c5 a3 46. Kd2 a2 47. Be6 Rd1+ 48. Kxd1 a1Q+ 49. Ke2 Qxd4 50. f5 Qg4+ 51. Kf2 Kxc5 52. Bc8 Kd5 53. Bd7 Ke4 54. Bc6+ Ke5 55. Kg2 Qxf5 56. Bf3 Kd4 57. Kf2 Qc2+ 58. Be2 Ke4 0-1

[Event "AUT-chT"]
[Site "Austria"]
[Date "1991.??.??"]
[Round "?"]
[White "Wohlfahrt, Herbert J"]
[Black "Pils, Walter"]
[Result "1/2-1/2"]
[WhiteElo "2250"]
[BlackElo "2355"]
[PlyCount "46"]
[EventDate "1991.??.??"]
[EventType "team-tourn"]
[EventRounds "13"]
[EventCountry "AUT"]
[SourceTitle "EXT 1997"]
[Source "ChessBase"]
[SourceDate "1996.11.15"]
[SourceVersion "1"]
[SourceVersionDate "1996.11.15"]
[SourceQuality "1"]

1. d4 Nf6 2. Nf3 d5 3. c4 e6 4. Nc3 c6 5. Bg5 Nbd7 6. e3 Bb4 7. Qc2 Qa5 8. Nd2 h6 9. Bxf6 Nxf6 10. Bd3 0-0 11. 0-0 Re8 12. Nf3 Bd6 13. Rfd1 Bd7 14. a3 Rac8 15. b4 Qd8 16. Qb3 Qe7 17. h3 e5 18. dxe5 Bxe5 19. Nxe5 Qxe5 20. cxd5 cxd5 21. Rac1 Be6 22. Qb2 Rc7 23. Qd2 a6 1/2-1/2

[Event "AUT-chT"]
[Site "Austria"]
[Date "1990.??.??"]
[Round "?"]
[White "Feistenauer, Fred"]
[Black "Pils, Walter"]
[Result "1/2-1/2"]
[WhiteElo "2300"]
[BlackElo "2355"]
[PlyCount "21"]
[EventDate "1990.??.??"]
[EventType "team-tourn"]
[EventRounds "11"]
[EventCountry "AUT"]
[SourceTitle "TD"]
[Source "ChessBase"]
[SourceDate "1994.03.01"]
[SourceVersion "1"]
[SourceVersionDate "1994.03.01"]
[SourceQuality "1"]

1. e4 c5 2. Nf3 Nc6 3. Bb5 d6 4. 0-0 Bd7 5. c3 Nf6 6. Re1 a6 7. Bxc6 Bxc6 8. d4 e6 9. Bg5 Be7 10. Nbd2 cxd4 11. cxd4 1/2-1/2

[Event "AUT-chT playoff"]
[Site "Austria"]
[Date "1990.??.??"]
[Round "?"]
[White "Sinowjew, Juri"]
[Black "Pils, Walter"]
[Result "0-1"]
[WhiteElo "2260"]
[BlackElo "2355"]
[PlyCount "96"]
[EventDate "1990.??.??"]
[EventType "team-tourn"]
[EventRounds "3"]
[EventCountry "AUT"]
[SourceTitle "TD"]
[Source "ChessBase"]
[SourceDate "1994.03.01"]
[SourceVersion "1"]
[SourceVersionDate "1994.03.01"]
[SourceQuality "1"]

1. e4 c5 2. Nf3 Nc6 3. d4 cxd4 4. Nxd4 e5 5. Nf5 Nf6 6. Nc3 d5 7. exd5 Bxf5 8. dxc6 Qxd1+ 9. Nxd1 bxc6 10. Ne3 Be6 11. Nc4 Bxc4 12. Bxc4 Bc5 13. Ke2 0-0 14. Be3 Bxe3 15. Kxe3 Rfd8 16. Rhd1 Kf8 17. f3 Ke7 18. Bb3 Rab8 19. Rd3 Nd5+ 20. Ke4 Ke6 21. Rd2 a5 22. c3 a4 23. Bxd5+ Rxd5 24. Re2 c5 25. Rc1 c4 26. Ke3 f5 27. Kf2 Rdb5 28. Rcc2 Rd8 29. Red2 Rxd2+ 30. Rxd2 Rd5 31. Rc2 Rd3 32. Ke2 e4 33. fxe4 fxe4 34. Rc1 Ke5 35. Rb1 a3 36. b4 Rxc3 37. Kd2 Rd3+ 38. Kc2 e3 39. b5 Rd2+ 40. Kc3 Rb2 41. Re1 Ke4 42. Kxc4 e2 43. b6 Ke3 44. Kc5 Kd2 45. Rxe2+ Kxe2 46. Kc6 Rxa2 47. Kc7 Rb2 48. Kc8 a2 0-1

[Event "Graz op"]
[Site "Graz"]
[Date "1987.??.??"]
[Round "8"]
[White "Moser, Guenter"]
[Black "Pils, Walter"]
[Result "1-0"]
[WhiteElo "2250"]
[BlackElo "2360"]
[PlyCount "104"]
[EventDate "1987.10.??"]
[EventType "swiss"]
[EventRounds "9"]
[EventCountry "AUT"]
[SourceTitle "TD"]
[Source "ChessBase"]
[SourceDate "1994.03.01"]
[SourceVersion "1"]
[SourceVersionDate "1994.03.01"]
[SourceQuality "1"]

1. Nf3 c5 2. g3 g6 3. Bg2 Bg7 4. c4 Nc6 5. Nc3 d6 6. d3 Rb8 7. 0-0 a6 8. Ne1 Bd7 9. a4 Nf6 10. Nc2 0-0 11. Bd2 Nd4 12. Rb1 Bc6 13. b4 Bxg2 14. Kxg2 Nxc2 15. Qxc2 cxb4 16. Rxb4 d5 17. Rfb1 dxc4 18. Rxc4 Qd7 19. Qb3 Ne8 20. Bf4 e5 21. Be3 Nd6 22. Rc5 h6 23. Qd5 Rfd8 24. a5 Kh7 25. Rb6 f5 26. Qb3 f4 27. Bc1 f3+ 28. exf3 Rf8 29. Be3 Nf5 30. Qd5 Rfd8 31. Qxd7 Rxd7 32. Ne4 Rf8 33. Rc3 Rff7 34. Rcb3 g5 35. Nc5 Rd5 36. Rxb7 Rxb7 37. Nxb7 Bf8 38. Rc3 Rb5 39. Rc7+ Kg8 40. Bb6 Nd4 41. Nd8 Bb4 42. Nc6 Nxc6 43. Rxc6 Bxa5 44. Bxa5 Rxa5 45. Rxh6 Kf7 46. Rb6 Ra3 47. Rd6 a5 48. Ra6 Ke7 49. Rg6 Rxd3 50. Rxg5 Kf6 51. Rg8 a4 52. Ra8 a3 1-0

[Event "Graz op"]
[Site "Graz"]
[Date "1987.??.??"]
[Round "4"]
[White "Pils, Walter"]
[Black "Damljanovic, Branko"]
[Result "0-1"]
[WhiteElo "2360"]
[BlackElo "2500"]
[PlyCount "100"]
[EventDate "1987.10.??"]
[EventType "swiss"]
[EventRounds "9"]
[EventCountry "AUT"]
[SourceTitle "TD"]
[Source "ChessBase"]
[SourceDate "1994.03.01"]
[SourceVersion "1"]
[SourceVersionDate "1994.03.01"]
[SourceQuality "1"]

1. e4 c5 2. Nf3 Nc6 3. d4 cxd4 4. Nxd4 Nf6 5. Nc3 d6 6. Bc4 Qb6 7. Nb3 e6 8. 0-0 Be7 9. a4 0-0 10. Be3 Qc7 11. Bd3 b6 12. Nb5 Qd8 13. N3d4 Nxd4 14. Nxd4 Bb7 15. f3 a6 16. Qe2 Nd7 17. Rfd1 Qc7 18. Bf2 Bf6 19. c3 g6 20. Kh1 Rfe8 21. Nc2 Nc5 22. Qf1 Nxd3 23. Qxd3 d5 24. exd5 Bxd5 25. Qe3 b5 26. axb5 axb5 27. Nd4 Qb7 28. Qe2 Bc4 29. Qe4 Qxe4 30. fxe4 Rxa1 31. Rxa1 Rc8 32. Nf3 Bg7 33. e5 Bd5 34. Bd4 h6 35. h4 Bf8 36. b4 Be7 37. Ra7 Bd8 38. Kh2 Bxf3 39. gxf3 Bxh4 40. Rb7 Be1 41. Rxb5 Bxc3 42. Be3 Rc4 43. Kg2 g5 44. Rb8+ Kg7 45. b5 Bxe5 46. Rd8 Rb4 47. b6 Rb3 48. Bf2 h5 49. Rd1 Kg6 50. Rd2 h4 0-1